Central Library OPAC University of Rajshahi

Semiconductor Counters for nuclear radiations / (Record no. 67689)

MARC details
000 -LEADER
fixed length control field 00822nam a2200265 a 4500
001 - CONTROL NUMBER
control field 67689
003 - CONTROL NUMBER IDENTIFIER
rucl marc code BD-RjUL
005 - DATE AND TIME OF LATEST TRANSACTION
control field 20211209081701.0
008 - FIXED-LENGTH DATA ELEMENTS--GENERAL INFORMATION
fixed length control field 170328s19661963enkaf b 001 0 engm
035 ## - SYSTEM CONTROL NUMBER
System control number (BD-RjUL)67898
040 ## - CATALOGING SOURCE
Original cataloging agency DLC
Transcribing agency UVC
Modifying agency UVC
-- MYG
-- BD-RjUL
Language of cataloging eng
041 ## - LANGUAGE CODE
Language code of text/sound track or separate title eng
082 ## - DEWEY DECIMAL CLASSIFICATION NUMBER
Edition number 23
Classification number 539.77
Author mark and year DES 1966
090 ## - LOCALLY ASSIGNED LC-TYPE CALL NUMBER (OCLC); LOCAL CALL NUMBER (OCLC)
Classification number (OCLC) (R) ; Classification number, CALL (RLIN) (NR) QC787.C6
Local cutter number (OCLC) ; Book number/undivided call number, CALL (RLIN) D285 1966
099 ## - LOCAL FREE-TEXT CALL NUMBER (OCLC)
Bangla Class number QC787.C6.D285 1966
100 1# - MAIN ENTRY--PERSONAL NAME
Personal name Dearnaley, G.
Fuller form of name (Geoffrey)
9 (RLIN) 200685
245 10 - TITLE STATEMENT
Title Semiconductor Counters for nuclear radiations /
Statement of responsibility, etc. by G. Dearnaley and D. C. Northrop.
250 ## - EDITION STATEMENT
Edition statement 2nd ed.nl.
260 ## - PUBLICATION, DISTRIBUTION, ETC. (IMPRINT)
Place of publication, distribution, etc. London,
Name of publisher, distributor, etc. Spon,
Date of publication, distribution, etc. 1966.
300 ## - PHYSICAL DESCRIPTION
Pagination xx, 459 p. ;
Illustrations ill. ;
Size 23 cm.
504 ## - BIBLIOGRAPHY, ETC. NOTE
Bibliography, etc Bibliography: p. 402-444.
650 #0 - SUBJECT ADDED ENTRY--TOPICAL TERM
Topical term or geographic name as entry element Semiconductor nuclear counters.
9 (RLIN) 200686
700 1# - ADDED ENTRY--PERSONAL NAME
Personal name Northrop, D. C.
Fuller form of name (David Covell)
942 ## - ADDED ENTRY ELEMENTS (KOHA)
Source of classification or shelving scheme Dewey Decimal Classification
Koha item type Books
Holdings
Lost status Source of classification or shelving scheme Damaged status Not for loan Collection code Permanent Location Current Location Shelving location Date acquired Source of acquisition Cost, normal purchase price Total Checkouts Full call number Date last seen Copy number Koha item type
  Dewey Decimal Classification   Not For Loan Non-fiction Central Library, University of Rajshahi Central Library, University of Rajshahi Reading Room 23/11/1968 Zeithinger 80.00   539.77 DES 1966 28/03/2017 C-1 Books